L'animal dans l'Egypte ancienne /

محفوظ في:

المؤلف الرئيسي: Huet, Philippe (مؤلف)

مؤلفون آخرون: Huet, Marie., Zivie, Alain-Pierre.

التنسيق: كتاب

اللغة: French

منشور في: [Saint-Claude-de-Diray] : Hesse, 2013.

الموضوعات:

الوسوم: إضافة وسم

لا توجد وسوم, كن أول من يضع وسما على هذه التسجيلة!

رقم الطلب: BL2450 .A54 H89 2013

LEADER 01292namaa2200361 4500
001 23347
003 OSt
005 20211024105453.0
008 130303s2013 fr g 000 0 fre d
952 |0 0  |1 0  |2 lcc  |4 0  |6 BL2450 A54 H89 02013  |7 1  |9 20943  |a ARCE  |b ARCE  |d 2021-10-24  |l 0  |o BL2450 .A54 H89 2013  |p 1013506  |r 2021-10-24 00:00:00  |w 2021-10-24  |y BK 
999 |c 20496  |d 20496 
020 |a 9782357060265 
020 |a 2357060263  
040 |c ARCE Library 
043 |a f-ua--- 
050 4 |a BL2450 .A54 H89 2013 
100 1 |a Huet, Philippe,  |e author 
245 1 2 |a L'animal dans l'Egypte ancienne /  |c Philippe et Marie Huet ; préface d'Alain Zivie. 
264 1 |a [Saint-Claude-de-Diray] :   |b Hesse,   |c 2013.  
300 |a 157 pages :  |b color illustrations ;  |c 25 cm. 
336 |a text  |b txt  |2 rdacontent 
337 |a unmediated  |b n  |2 rdamedia 
338 |a volume  |b nc  |2 rdacarrier 
500 |a OCLC 883298687 
504 |a Bibliography : pages 156. 
555 |a https://library.metmuseum.org/search~S1?/o883298687/o883298687/1%2C1%2C1%2CB/marc&FF=o883298687&1%2C1%2C 
555 |a aya 
650 0 |a Animals  |x Religious aspects  |v Pictorial works. 
650 0 |a Animals  |z Egypt  |v Pictorial works. 
700 1 |a Huet, Marie. 
700 1 |a Zivie, Alain-Pierre. 
901 |a reviewed 
942 |c BK  |2 lcc